00661nam a2200193Ia 4500008004100000020001300041082001600054100004300070245007100113250000800184260003500192300002700227500001900254600002700273650001500300942000700315952013000322999001500452240925s9999 xx 000 0 und d a70161860 a629.832 DAZ aDazzo ,John J.; Houpis, Constantine H. 0aLinear Control System Analysis and Design: conventional and modern a3rd aNew York:bMcGraw-Hillc,1988. axix,906p.bNAfPirated aIncludes Index aElectronic Engineering aTechnology cBK 011440708ELaUITUbUITUd1997-01-23eFarooq Kitab Gharg135.00l0o629.832 DAZpQ0893r2024-09-25 07:12:14w2024-09-25yBK c3392d3392